Central Library OPAC University of Rajshahi

The control of human fertility in Jamaica / (Record no. 66582)

MARC details
000 -LEADER
fixed length control field 00734nam a2200229 a 4500
001 - CONTROL NUMBER
control field 66582
003 - CONTROL NUMBER IDENTIFIER
rucl marc code BD-RjUL
005 - DATE AND TIME OF LATEST TRANSACTION
control field 20211209081546.0
008 - FIXED-LENGTH DATA ELEMENTS--GENERAL INFORMATION
fixed length control field 720310s1964 xx b 001 0 eng
035 ## - SYSTEM CONTROL NUMBER
System control number (BD-RjUL)66712
040 ## - CATALOGING SOURCE
Original cataloging agency DLC
Transcribing agency ODaWU
Modifying agency OCoLC
-- DLC
-- BD-RjUL
Language of cataloging eng
041 ## - LANGUAGE CODE
Language code of text/sound track or separate title eng
082 ## - DEWEY DECIMAL CLASSIFICATION NUMBER
Edition number 23
Classification number 363.9607292
Author mark and year STC 1964
100 1# - MAIN ENTRY--PERSONAL NAME
Personal name Stycos, J. Mayone.
9 (RLIN) 105384
245 15 - TITLE STATEMENT
Title The control of human fertility in Jamaica /
Statement of responsibility, etc. J. Mayone Stycos and Kurt W Back
260 ## - PUBLICATION, DISTRIBUTION, ETC. (IMPRINT)
Place of publication, distribution, etc. New York :
Name of publisher, distributor, etc. Cornell University Press,
Date of publication, distribution, etc. 1964
300 ## - PHYSICAL DESCRIPTION
Pagination 377 p. :
Illustrations ill. ;
Size 22 cm.
504 ## - BIBLIOGRAPHY, ETC. NOTE
Bibliography, etc Includes Bibliography and index
650 #0 - SUBJECT ADDED ENTRY--TOPICAL TERM
Topical term or geographic name as entry element Birth control
Geographic subdivision Jamaica.
9 (RLIN) 197086
700 1# - ADDED ENTRY--PERSONAL NAME
Personal name Back, Kurt W.,
Relator term joint author.
942 ## - ADDED ENTRY ELEMENTS (KOHA)
Source of classification or shelving scheme Dewey Decimal Classification
Koha item type Books
Holdings
Lost status Source of classification or shelving scheme Damaged status Not for loan Collection code Permanent Location Current Location Shelving location Date acquired Source of acquisition Cost, normal purchase price Total Checkouts Full call number Date last seen Copy number Koha item type
  Dewey Decimal Classification   Not For Loan Non-fiction Central Library, University of Rajshahi Central Library, University of Rajshahi Reading Room 01/12/1965 Zeitliner. 0.00   363.9607292 STC 1964 18/03/2017 C-1 Books